[Event "Banff op"]
[Site "Banff"]
[Date "2023.11.12"]
[Round "5"]
[White "Tolentino, Patrick Angelo"]
[Black "Booker, Brad"]
[Result "1/2-1/2"]
[WhiteElo "2103"]
[BlackElo "2026"]
[PlyCount "80"]
[EventDate "2023.11.10"]
[EventType "swiss"]
[EventRounds "6"]
[EventCountry "CAN"]
[SourceTitle "CB47_2023"]
[SourceDate "2023.11.22"]
[SourceVersion "1"]
[SourceVersionDate "2023.11.22"]
[SourceQuality "1"]

1. e4 c6 2. d4 d5 3. exd5 cxd5 4. Bd3 Nf6 5. c3 g6 6. Nf3 Bg7 7. Bf4 0-0 8. h3 Nc6 9. 0-0 Bf5 10. Bxf5 gxf5 11. Nbd2 e6 12. Ne1 Kh8 13. Nd3 Ne4 14. f3 Nxd2 15. Qxd2 Rg8 16. Kh1 Qh4 17. Qe2 Bf6 18. a4 Rg7 19. Bh2 Rag8 20. Rf2 b6 21. Qf1 Na5 22. Re2 Nc4 23. Rae1 Bg5 24. Ne5 Bd2 25. Nxc4 Bxe1 26. Qxe1 Qxe1+ 27. Rxe1 dxc4 28. Be5 Rd8 29. Kg1 Kg8 30. Bxg7 Kxg7 31. Kf2 Rd5 32. Re5 f4 33. g3 fxg3+ 34. Kxg3 Kf6 35. Kf4 a6 36. Ke4 Rd8 37. Rh5 Kg6 38. Re5 Kf6 39. Rh5 e5 40. Rxe5 Rd5 1/2-1/2

[Event "Canadian op"]
[Site "Calgary"]
[Date "2023.07.24"]
[Round "4"]
[White "Tolentino, Patrick Angelo"]
[Black "Jackson, Mateo"]
[Result "1-0"]
[WhiteElo "2078"]
[BlackElo "1742"]
[PlyCount "85"]
[EventDate "2023.07.22"]
[EventType "swiss"]
[EventRounds "10"]
[EventCountry "CAN"]
[SourceTitle "EXT 2024"]
[Source "ChessBase"]
[SourceDate "2023.10.10"]
[SourceVersion "1"]
[SourceVersionDate "2023.10.10"]
[SourceQuality "1"]

1. d4 Nf6 2. c4 c5 3. d5 b5 4. cxb5 a6 5. e3 d6 6. Nc3 g6 7. a4 Nbd7 8. bxa6 Bxa6 9. Bxa6 Rxa6 10. Nf3 Bg7 11. 0-0 0-0 12. e4 Qb6 13. Qe2 Rfa8 14. Bd2 Ng4 15. Rfb1 Nge5 16. Nxe5 Nxe5 17. f4 Nd7 18. Kh1 Qb3 19. Be1 Nb6 20. Ra3 Qc4 21. b3 Qxe2 22. Nxe2 c4 23. a5 c3 24. Bxc3 Bxc3 25. Nxc3 Rxa5 26. Rxa5 Rxa5 27. Kg1 Rc5 28. Na4 Nxa4 29. bxa4 Rc4 30. Ra1 Rxe4 31. a5 Rb4 32. a6 Rb8 33. a7 Ra8 34. Kf2 Kf8 35. g4 Ke8 36. f5 Kd7 37. Kf3 g5 38. f6 e6 39. Ke4 Kc7 40. dxe6 fxe6 41. f7 Kb7 42. Rb1+ Kxa7 43. Ra1+ 1-0

[Event "Las Vegas 1000 GM op"]
[Site "Las Vegas"]
[Date "2023.06.12"]
[Round "8"]
[White "Kavutskiy, Konstantin"]
[Black "Tolentino, Patrick Angelo"]
[Result "1-0"]
[WhiteElo "2414"]
[BlackElo "2065"]
[PlyCount "89"]
[EventDate "2023.06.08"]
[EventType "swiss"]
[EventRounds "9"]
[EventCountry "USA"]
[SourceTitle "CBM 214 Extra"]
[Source "ChessBase"]
[SourceDate "2023.07.31"]
[SourceVersion "1"]
[SourceVersionDate "2023.07.31"]
[SourceQuality "1"]

1. d4 Nf6 2. c4 e6 3. Nf3 d5 4. Nc3 Bb4 5. Qa4+ Nc6 6. a3 Bxc3+ 7. bxc3 Bd7 8. Qc2 dxc4 9. e4 Na5 10. Bg5 h6 11. Bh4 Bc6 12. e5 Bxf3 13. exf6 g5 14. Bg3 Nb3 15. gxf3 Nxa1 16. Qd1 Nb3 17. Bxc4 Na5 18. Qa4+ Nc6 19. Ba6 0-0 20. Bxb7 Rb8 21. Qxc6 Qd5 22. Qxd5 exd5 23. Bxd5 Rb1+ 24. Kd2 Rxh1 25. Bxc7 Rc8 26. Be5 Ra1 27. Bb7 Rd8 28. c4 Rxa3 29. c5 Rb3 30. c6 Re8 31. f4 gxf4 32. Bxf4 Rb5 33. Kc3 a5 34. Kc4 Rb1 35. Bd6 a4 36. Be7 Rxb7 37. cxb7 Rb8 38. f4 Rxb7 39. d5 Kh7 40. f5 h5 41. h4 Rb6 42. Ba3 Rxf6 43. d6 Rxd6 44. Bxd6 Kg7 45. Kd5 1-0

[Event "Las Vegas 1000 GM op"]
[Site "Las Vegas"]
[Date "2023.06.09"]
[Round "3"]
[White "Tolentino, Patrick Angelo"]
[Black "Zhao, Erick"]
[Result "1/2-1/2"]
[WhiteElo "2065"]
[BlackElo "2291"]
[PlyCount "98"]
[EventDate "2023.06.08"]
[EventType "swiss"]
[EventRounds "9"]
[EventCountry "USA"]
[SourceTitle "CBM 214 Extra"]
[Source "ChessBase"]
[SourceDate "2023.07.31"]
[SourceVersion "1"]
[SourceVersionDate "2023.07.31"]
[SourceQuality "1"]

1. e4 c5 2. Nf3 d6 3. d4 cxd4 4. Nxd4 Nf6 5. Nc3 a6 6. Be2 e5 7. Nb3 Be7 8. 0-0 0-0 9. Kh1 Nc6 10. f3 Be6 11. Nd5 a5 12. Be3 a4 13. Nc1 Bxd5 14. exd5 Nd4 15. Bxd4 exd4 16. Qxd4 Qa5 17. Rd1 Nd7 18. Rb1 Bf6 19. Qf4 Qc7 20. Qd2 g6 21. a3 Qc5 22. Bf1 Rfe8 23. Ne2 Be5 24. Nc3 Bxc3 25. Qxc3 Qxc3 26. bxc3 Nc5 27. Re1 f6 28. Kg1 Kf7 29. Kf2 Re5 30. Rxe5 fxe5 31. Ke3 Kf6 32. Rb4 g5 33. g3 h6 34. Bd3 Rf8 35. Bb5 Rc8 36. Kd2 Rh8 37. Ke3 Rg8 38. Kf2 Rc8 39. Ke3 Ke7 40. Bf1 Rc7 41. Bb5 Kf6 42. Rc4 Rc8 43. Rb4 Rf8 44. Be2 Ke7 45. Bd3 Kd7 46. Bb5+ Ke7 47. Be2 Rg8 48. Kf2 Kf6 49. Bd3 Rf8 1/2-1/2

[Event "North American op 32nd"]
[Site "Las Vegas"]
[Date "2022.12.30"]
[Round "9"]
[White "Anderson, Tremil"]
[Black "Tolentino, Patrick Angelo"]
[Result "1/2-1/2"]
[WhiteElo "1766"]
[BlackElo "2036"]
[PlyCount "67"]
[EventDate "2022.12.26"]
[EventType "swiss"]
[EventRounds "9"]
[EventCountry "USA"]
[SourceTitle "CBM 211 Extra"]
[Source "ChessBase"]
[SourceDate "2023.01.31"]
[SourceVersion "1"]
[SourceVersionDate "2023.01.31"]
[SourceQuality "1"]

1. e4 c6 2. d4 d5 3. Nc3 dxe4 4. Nxe4 Bf5 5. Ng3 Bg6 6. h4 h6 7. Nf3 Nd7 8. h5 Bh7 9. Bd3 Bxd3 10. Qxd3 e6 11. c4 Ngf6 12. Bd2 Be7 13. Ne2 Nc5 14. Qc2 Nce4 15. Nc3 Nxd2 16. Qxd2 Qa5 17. a3 Rd8 18. 0-0-0 Nxh5 19. g4 Nf6 20. g5 Ng4 21. d5 Qc5 22. Rdg1 Qxf2 23. Rh3 Bxg5 24. Nxg5 Qxg1+ 25. Nd1 Nf2 26. Qxf2 Qxg5+ 27. Ne3 0-0 28. Rg3 Qh5 29. Qf6 Qh1+ 30. Nf1 g6 31. dxe6 Qh5 32. Ne3 Qh1+ 33. Nf1 Qh5 34. Ne3 1/2-1/2

[Event "North American-ch U20"]
[Site "Mexico City"]
[Date "2022.12.05"]
[Round "7"]
[White "Garcia De Dios, Jose Antonio"]
[Black "Tolentino, Patrick Angelo"]
[Result "0-1"]
[WhiteElo "2103"]
[BlackElo "2036"]
[PlyCount "120"]
[EventDate "2022.12.02"]
[EventType "swiss"]
[EventRounds "9"]
[EventCountry "MEX"]
[SourceTitle "EXT 2024"]
[Source "ChessBase"]
[SourceDate "2023.10.10"]
[SourceVersion "1"]
[SourceVersionDate "2023.10.10"]
[SourceQuality "1"]

1. d4 Nf6 2. c4 g6 3. g3 Bg7 4. Bg2 0-0 5. Nc3 d6 6. Nf3 Nc6 7. 0-0 e5 8. dxe5 Nxe5 9. Nd2 Nfd7 10. Qc2 Nc6 11. Nde4 h6 12. Nd5 Nc5 13. Nxc5 dxc5 14. Bf4 Nd4 15. Qd2 c6 16. Nc3 g5 17. Be3 Bf5 18. Be4 Bxe4 19. Nxe4 Qe7 20. f3 Rad8 21. Bxd4 Rxd4 22. Qc2 Rfd8 23. e3 Rd3 24. Rae1 f5 25. Nf2 Rxe3 26. Rxe3 Qxe3 27. Qxf5 Rf8 28. Qc2 Qxf3 29. Rd1 Qf7 30. Rd6 Qe7 31. Rg6 Qe1+ 32. Kg2 Rxf2+ 33. Qxf2 Qe4+ 34. Qf3 Qxg6 35. Qg4 Qf7 36. b3 Kh7 37. Qe4+ Kg8 38. Qg4 b5 39. Qc8+ Bf8 40. Qg4 bxc4 41. bxc4 Bg7 42. Qc8+ Kh7 43. Qg4 Bd4 44. Qe4+ Kg7 45. Qe2 Qb7 46. Kh3 Qc8+ 47. Kg2 Qb7 48. Qe6 Qf7 49. Qe2 h5 50. h3 Kh6 51. a3 Qf5 52. g4 hxg4 53. hxg4 Qe5 54. Qf3 Qf6 55. Qe2 Be5 56. Qe4 Kg7 57. Qd3 Qd6 58. Qe2 Qd4 59. Kh3 Qc3+ 60. Kg2 Qb2 0-1

[Event "Banff op"]
[Site "Banff"]
[Date "2022.11.13"]
[Round "5"]
[White "Tolentino, Patrick Angelo"]
[Black "Bai, Jinghui"]
[Result "1-0"]
[WhiteElo "2055"]
[BlackElo "1843"]
[PlyCount "127"]
[EventDate "2022.11.11"]
[EventType "swiss"]
[EventRounds "6"]
[EventCountry "CAN"]
[SourceTitle "CBM 211 Extra"]
[Source "ChessBase"]
[SourceDate "2023.01.31"]
[SourceVersion "1"]
[SourceVersionDate "2023.01.31"]
[SourceQuality "1"]

1. e4 c5 2. Nf3 Nc6 3. d4 cxd4 4. Nxd4 g6 5. c4 Bg7 6. Be3 Nf6 7. Nc3 Ng4 8. Qxg4 Nxd4 9. Qd1 Ne6 10. Rc1 d6 11. Be2 0-0 12. 0-0 Bd7 13. Qd2 Nc5 14. f3 a5 15. Rfd1 Bc6 16. b3 f5 17. exf5 gxf5 18. Nd5 Nd7 19. Nf4 Rf6 20. Nh5 Rg6 21. Nxg7 Kxg7 22. c5 dxc5 23. Rxc5 Rd6 24. Qb2+ Kg6 25. Rcc1 Rxd1+ 26. Rxd1 Qh8 27. Bd4 e5 28. Bc3 Qf6 29. Qa3 Qf8 30. Qxf8 Rxf8 31. Bxa5 Ra8 32. b4 Ba4 33. Rd6+ Kg5 34. g3 f4 35. Kg2 fxg3 36. Kxg3 Rg8 37. b5 Kf5+ 38. Kf2 Nc5 39. Bb4 Rc8 40. Rb6 Bd1 41. Bxc5 Bxe2 42. Kxe2 Rxc5 43. Rxb7 Rc2+ 44. Ke3 Rxa2 45. Rxh7 Rb2 46. Rh5+ Kf6 47. Rh6+ Kf5 48. Rb6 Rxh2 49. Rb8 Rb2 50. b6 Rb3+ 51. Ke2 Rb2+ 52. Kd3 Kf4 53. b7 Rb3+ 54. Kc2 Rb6 55. Rf8+ Ke3 56. b8Q Rxb8 57. Rxb8 Kxf3 58. Rb3+ Ke2 59. Rb4 Ke3 60. Kd1 e4 61. Ke1 Kd3 62. Rb3+ Kc4 63. Rh3 Kd4 64. Ke2 1-0

[Event "Calgary 13th"]
[Site "Calgary"]
[Date "2022.09.23"]
[Round "6"]
[White "Tolentino, Patrick Angelo"]
[Black "Dukic, Zachary"]
[Result "1/2-1/2"]
[WhiteElo "1944"]
[BlackElo "2218"]
[PlyCount "81"]
[EventDate "2022.09.20"]
[EventType "tourn"]
[EventRounds "9"]
[EventCountry "CAN"]
[SourceTitle "CBM 210 Extra"]
[Source "ChessBase"]
[SourceDate "2022.11.30"]
[SourceVersion "1"]
[SourceVersionDate "2022.11.30"]
[SourceQuality "1"]

1. e4 c5 2. Nf3 Nc6 3. d4 cxd4 4. Nxd4 Nf6 5. Nc3 e5 6. Ndb5 d6 7. Bg5 a6 8. Na3 b5 9. Nd5 Be7 10. Bxf6 Bxf6 11. c3 Ne7 12. Nxf6+ gxf6 13. Nc2 Bb7 14. Bd3 d5 15. Qe2 Qb6 16. 0-0-0 0-0-0 17. exd5 Nxd5 18. g3 Kb8 19. Rhe1 Qa5 20. Kb1 e4 21. Bxe4 Rhe8 22. Qf3 Nxc3+ 23. bxc3 Rxd1+ 24. Qxd1 Bxe4 25. Qd6+ Qc7 26. Qxc7+ Kxc7 27. Kb2 Kd6 28. f3 Bc6 29. Rxe8 Bxe8 30. f4 Kd5 31. Ne3+ Ke4 32. Ng4 Kf5 33. Nf2 Ke6 34. Kc2 f5 35. Nd1 Kd5 36. Kd3 Bd7 37. a3 Kc5 38. Ne3 Be6 39. Kd2 Bd7 40. Kd3 Be6 41. Kd2 1/2-1/2

[Event "Calgary 13th"]
[Site "Calgary"]
[Date "2022.09.20"]
[Round "1"]
[White "Tolentino, Patrick Angelo"]
[Black "Ng, Gary"]
[Result "0-1"]
[WhiteElo "1944"]
[BlackElo "2241"]
[PlyCount "52"]
[EventDate "2022.09.20"]
[EventType "tourn"]
[EventRounds "9"]
[EventCountry "CAN"]
[SourceTitle "CBM 210 Extra"]
[Source "ChessBase"]
[SourceDate "2022.11.30"]
[SourceVersion "1"]
[SourceVersionDate "2022.11.30"]
[SourceQuality "1"]

1. e4 c6 2. Nc3 d5 3. Nf3 Bg4 4. h3 Bxf3 5. Qxf3 e6 6. Be2 d4 7. Nb1 Ne7 8. h4 h5 9. d3 Ng6 10. Qh3 a5 11. a4 Na6 12. g3 Bb4+ 13. Nd2 Qb6 14. b3 Bc3 15. Rb1 Qb4 16. Kd1 Qc5 17. e5 Bxd2 18. Bxd2 Nxe5 19. f4 Nd7 20. Re1 0-0-0 21. Bf3 g6 22. Qh1 Rhe8 23. Re2 Nb4 24. Rb2 Nb6 25. Re5 N6d5 26. Qe1 f6 0-1

[Event "Banff op"]
[Site "Banff"]
[Date "2021.11.12"]
[Round "1"]
[White "Tolentino, Patrick Angelo"]
[Black "Cummings, David H"]
[Result "1/2-1/2"]
[WhiteElo "1788"]
[BlackElo "2335"]
[PlyCount "108"]
[EventDate "2021.11.12"]
[EventType "swiss"]
[EventRounds "6"]
[EventCountry "CAN"]
[SourceTitle "CBM 205 Extra"]
[Source "ChessBase"]
[SourceDate "2022.01.31"]
[SourceVersion "1"]
[SourceVersionDate "2022.01.31"]
[SourceQuality "1"]

1. e4 e5 2. Nf3 Nc6 3. Bb5 a6 4. Ba4 Nf6 5. 0-0 b5 6. Bb3 Bc5 7. c3 d6 8. d4 Bb6 9. h3 0-0 10. Be3 Rb8 11. Nbd2 h6 12. Bc2 Re8 13. Re1 exd4 14. cxd4 Nb4 15. Bb1 c5 16. d5 a5 17. a3 Na6 18. b3 Nc7 19. Bd3 Ba6 20. Qc2 Nd7 21. Nf1 Rc8 22. Qe2 f5 23. exf5 Nxd5 24. Bxb5 Bb7 25. N3d2 Kh8 26. Qd3 Ne5 27. Qc2 Rf8 28. Nc4 Nxc4 29. bxc4 Ne7 30. Ng3 d5 31. cxd5 Nxd5 32. Rad1 c4 33. Bxc4 Bxe3 34. fxe3 Qc7 35. Qb3 Nb6 36. Bf1 Qxg3 37. Qxb6 Be4 38. Qd6 Qg5 39. Qf4 Qxf5 40. Qxf5 Rxf5 41. Bd3 Bxd3 42. Rxd3 Rc2 43. Rf1 Rb5 44. Rf3 Rg5 45. Rf2 Rc1+ 46. Kh2 Re1 47. g4 Re5 48. Rf3 h5 49. Kg3 hxg4 50. hxg4 Re4 51. Kf2 Ra1 52. Rf4 Re5 53. Rf5 Re4 54. Rf4 Re5 1/2-1/2

[Event "Alberta-ch U20"]
[Site "Calgary"]
[Date "2013.11.10"]
[Round "4"]
[White "Miller, David"]
[Black "Tolentino, Patrick Angelo"]
[Result "0-1"]
[WhiteElo "2054"]
[BlackElo "1466"]
[PlyCount "86"]
[EventDate "2013.11.09"]
[EventType "tourn"]
[EventRounds "5"]
[EventCountry "CAN"]
[SourceTitle "EXT 2022"]
[Source "ChessBase"]
[SourceDate "2021.10.06"]
[SourceVersion "1"]
[SourceVersionDate "2021.10.06"]
[SourceQuality "1"]

1. d4 Nf6 2. c4 g6 3. Nc3 Bg7 4. e4 d6 5. Be2 c5 6. d5 0-0 7. Bg5 Nbd7 8. Qd2 Qa5 9. 0-0-0 a6 10. a3 Rb8 11. f3 b5 12. cxb5 axb5 13. Nxb5 Rxb5 14. Bxb5 Qxb5 15. Ne2 Ba6 16. Nc3 Qb7 17. f4 Rb8 18. Rhe1 Nb6 19. Qc2 Nc4 20. e5 dxe5 21. fxe5 Nd7 22. Bxe7 Bxe5 23. g3 Qxb2+ 24. Qxb2 Nxb2 25. Ne4 Nxd1 26. Kxd1 Rb1+ 27. Kd2 Rxe1 28. Kxe1 Bb7 29. Nxc5 Nxc5 30. Bxc5 Bxd5 31. Kf2 Kg7 32. a4 Kf6 33. a5 Ke6 34. a6 Ba8 35. h4 h5 36. a7 Kd5 37. Be7 Bd4+ 38. Kg2 Ke6+ 39. Kh3 Kxe7 40. g4 hxg4+ 41. Kxg4 Bxa7 42. Kf4 Bf2 43. Kg5 Bxh4+ 0-1

[Event "Alberta-ch U20"]
[Site "Calgary"]
[Date "2013.11.09"]
[Round "3"]
[White "Wang, Harris"]
[Black "Tolentino, Patrick Angelo"]
[Result "1-0"]
[WhiteElo "1863"]
[BlackElo "1466"]
[PlyCount "125"]
[EventDate "2013.11.09"]
[EventType "tourn"]
[EventRounds "5"]
[EventCountry "CAN"]
[SourceTitle "EXT 2022"]
[Source "ChessBase"]
[SourceDate "2021.10.06"]
[SourceVersion "1"]
[SourceVersionDate "2021.10.06"]
[SourceQuality "1"]

1. e4 d6 2. Nc3 Nf6 3. d3 g6 4. g3 Bg7 5. Bg2 0-0 6. h3 e5 7. Be3 Nc6 8. Qd2 Bd7 9. Bh6 Nd4 10. Bxg7 Kxg7 11. Nd1 c6 12. Ne3 b5 13. c3 Ne6 14. Ne2 Qc8 15. 0-0 Nc5 16. g4 h5 17. b4 Na4 18. g5 Nh7 19. h4 Bh3 20. f4 Bxg2 21. Kxg2 f6 22. f5 fxg5 23. fxg6 Kxg6 24. Nf5 Qd7 25. Neg3 d5 26. hxg5 dxe4 27. Nh4+ Kg7 28. g6 Qg4 29. gxh7 Qxh4 30. Rf5 Qd8 31. h8Q+ Rxh8 32. Nxh5+ Kg8 33. Rg5+ Kf7 34. Rf1+ Ke6 35. Rg6+ Kd7 36. dxe4+ Kc7 37. Rf7+ Kb6 38. Qe3+ Ka6 39. Rxc6+ Nb6 40. Ng3 Rc8 41. Rcf6 Rc7 42. c4 Rxf7 43. cxb5+ Kb7 44. Rxf7+ Kb8 45. Qc5 Qd2+ 46. Rf2 Qg5 47. Qd6+ Ka8 48. Rf7 Qc1 49. Qc6+ Qxc6 50. bxc6 Rc8 51. Rf6 Kb8 52. Nf5 Kc7 53. Rf7+ Kb8 54. b5 Nc4 55. Kf3 Rd8 56. c7+ Kc8 57. cxd8Q+ Kxd8 58. Rxa7 Nb6 59. Re7 Nc4 60. b6 Nd2+ 61. Ke2 Nb1 62. b7 Nc3+ 63. Ke1 1-0

[Event "CAN-ch U10"]
[Site "Vancouver"]
[Date "2012.07.05"]
[Round "5"]
[White "Tolentino, Patrick Angelo"]
[Black "Talukdar, Rohan Shyam"]
[Result "1-0"]
[WhiteElo "1112"]
[BlackElo "1254"]
[PlyCount "111"]
[EventDate "2012.07.03"]
[EventType "swiss"]
[EventRounds "7"]
[EventCountry "CAN"]
[SourceTitle "EXT 2022"]
[Source "ChessBase"]
[SourceDate "2021.10.06"]
[SourceVersion "1"]
[SourceVersionDate "2021.10.06"]
[SourceQuality "1"]

1. e4 c5 2. Nf3 d6 3. d4 cxd4 4. Nxd4 Nf6 5. Nc3 a6 6. Be2 e5 7. Nb3 Be6 8. Be3 Be7 9. g4 d5 10. exd5 Nxd5 11. Nxd5 Bxd5 12. Rg1 0-0 13. Qd2 Nc6 14. g5 Be4 15. a3 Qc7 16. h4 Rfd8 17. Qc3 Qd7 18. h5 Qf5 19. Bg4 Qxg4 20. Rxg4 Bf3 21. Rg1 Rd5 22. g6 Rad8 23. gxh7+ Kxh7 24. Nd2 Bxh5 25. f3 Bh4+ 26. Ke2 Bf6 27. Ne4 Nd4+ 28. Bxd4 exd4 29. Nxf6+ gxf6 30. Qd3+ Bg6 31. Rh1+ Kg8 32. Qd2 Re8+ 33. Kf2 Re3 34. Rae1 Rde5 35. Qxd4 Rxe1 36. Rxe1 Rxe1 37. Kxe1 Bxc2 38. Qg4+ Kh7 39. Qc8 Ba4 40. Qxb7 a5 41. Qxf7+ Kh6 42. Kf2 Kg5 43. Ke3 Kf5 44. Qh5+ Ke6 45. Ke4 Bc6+ 46. Kd4 Bb5 47. Qd5+ Ke7 48. Kc5 Kf8 49. Qb7 Kg8 50. Kd6 Bc4 51. Qc8+ Kf7 52. Qxc4+ Kg7 53. Ke7 Kh8 54. Qh4+ Kg8 55. Kxf6 Kf8 56. Qh8# 1-0

[Event "CAN-ch U10"]
[Site "Vancouver"]
[Date "2012.07.03"]
[Round "1"]
[White "Jiang, Jerry"]
[Black "Tolentino, Patrick Angelo"]
[Result "0-1"]
[WhiteElo "416"]
[BlackElo "1112"]
[PlyCount "74"]
[EventDate "2012.07.03"]
[EventType "swiss"]
[EventRounds "7"]
[EventCountry "CAN"]
[SourceTitle "EXT 2022"]
[Source "ChessBase"]
[SourceDate "2021.10.06"]
[SourceVersion "1"]
[SourceVersionDate "2021.10.06"]
[SourceQuality "1"]

1. e4 e5 2. Bc4 Nf6 3. Nc3 Nc6 4. Nf3 Be7 5. d3 d6 6. Be3 0-0 7. 0-0 Be6 8. Ng5 Bxc4 9. dxc4 Re8 10. Nd5 h6 11. Nf3 Nxe4 12. Qd3 Nf6 13. Nxf6+ Bxf6 14. Rad1 e4 15. Qe2 exf3 16. Qxf3 Qe7 17. h3 Rad8 18. Rfe1 Ne5 19. Qg3 Kh8 20. Bd4 Qd7 21. Bxe5 Bxe5 22. c5 Bxg3 23. Rxe8+ Qxe8 24. fxg3 dxc5 25. Rxd8 Qxd8 26. Kf2 Qd2+ 27. Kf3 Qxc2 28. a3 Qxb2 29. Kf4 c4 30. g4 c3 31. g5 c2 32. gxh6 c1R 33. hxg7+ Kxg7 34. g4 Qd4+ 35. Kg3 Rc3+ 36. Kh4 Kh6 37. a4 Qf2# 0-1

[Event "CAN-ch U10"]
[Site "Vancouver"]
[Date "2012.07.03"]
[Round "2"]
[White "Tolentino, Patrick Angelo"]
[Black "Zhao, Yuetong Davy"]
[Result "0-1"]
[WhiteElo "1112"]
[BlackElo "1789"]
[PlyCount "66"]
[EventDate "2012.07.03"]
[EventType "swiss"]
[EventRounds "7"]
[EventCountry "CAN"]
[SourceTitle "EXT 2022"]
[Source "ChessBase"]
[SourceDate "2021.10.06"]
[SourceVersion "1"]
[SourceVersionDate "2021.10.06"]
[SourceQuality "1"]

1. e4 c5 2. Nf3 Nc6 3. d4 cxd4 4. Nxd4 Nf6 5. Nc3 e5 6. Ndb5 d6 7. Bg5 a6 8. Bxf6 gxf6 9. Na3 b5 10. Nd5 Bg7 11. Be2 0-0 12. Qd2 f5 13. Bd3 fxe4 14. Bxe4 f5 15. Bf3 e4 16. Be2 Bxb2 17. Rb1 Bxa3 18. Rb3 Bc5 19. Rg3+ Kh8 20. Qc3+ Nd4 21. Qd2 f4 22. Nxf4 Nxe2 23. Ng6+ Kg7 24. Nxf8+ Nxg3 25. fxg3 e3 26. Qd5 Bb4+ 27. Ke2 Bg4+ 28. Kxe3 Qe7+ 29. Kd4 Qf6+ 30. Ke3 Re8+ 31. Ne6+ Rxe6+ 32. Qxe6 Qxe6+ 33. Kf4 Bd2# 0-1

[Event "CAN-ch U08"]
[Site "Windsor"]
[Date "2010.07.09"]
[Round "7"]
[White "Tolentino, Patrick Angelo"]
[Black "Ene, Nicholas"]
[Result "1-0"]
[WhiteElo "729"]
[BlackElo "1312"]
[PlyCount "37"]
[EventDate "2010.07.06"]
[EventType "swiss"]
[EventRounds "7"]
[EventCountry "CAN"]
[SourceTitle "EXT 2012"]
[Source "ChessBase"]
[SourceDate "2011.11.24"]
[SourceVersion "1"]
[SourceVersionDate "2011.11.24"]
[SourceQuality "1"]

1. e4 e5 2. d4 exd4 3. c3 dxc3 4. Bc4 cxb2 5. Bxb2 Nf6 6. Nd2 Nc6 7. Qb3 Qe7 8. 0-0-0 d6 9. Ngf3 h6 10. h3 g6 11. e5 dxe5 12. Nxe5 Bg7 13. Nxf7 Na5 14. Qb5+ Nc6 15. Rhe1 a6 16. Rxe7+ Kxe7 17. Ba3+ Ke8 18. Re1+ Kd7 19. Re7# 1-0

[Event "CAN-ch U08"]
[Site "Windsor"]
[Date "2010.07.07"]
[Round "3"]
[White "Tolentino, Patrick Angelo"]
[Black "Zhang, Zhehai"]
[Result "1-0"]
[WhiteElo "729"]
[BlackElo "1170"]
[PlyCount "95"]
[EventDate "2010.07.06"]
[EventType "swiss"]
[EventRounds "7"]
[EventCountry "CAN"]
[SourceTitle "EXT 2012"]
[Source "ChessBase"]
[SourceDate "2011.11.24"]
[SourceVersion "1"]
[SourceVersionDate "2011.11.24"]
[SourceQuality "1"]

1. e4 e5 2. d4 f6 3. dxe5 fxe5 4. Qh5+ g6 5. Qxe5+ Ne7 6. Qxh8 Nec6 7. Bh6 Qe7 8. Qxf8+ Qxf8 9. Bxf8 Kxf8 10. Nc3 Nd4 11. 0-0-0 c5 12. Nd5 Nbc6 13. Bc4 d6 14. Ne2 Bg4 15. f3 Nxe2+ 16. Bxe2 Bd7 17. Nc7 Rc8 18. Nd5 Be6 19. Nf4 Nd4 20. Nxe6+ Nxe6 21. Rxd6 Nd4 22. Bc4 b5 23. Bd5 Ne2+ 24. Kd2 Nf4 25. g3 Nxd5 26. exd5 Ke7 27. Re6+ Kf7 28. g4 Rd8 29. Re5 a5 30. Rhe1 c4 31. g5 b4 32. Re7+ Kg8 33. d6 Rxd6+ 34. Kc1 Rd8 35. Re8+ Rxe8 36. Rxe8+ Kg7 37. Rc8 c3 38. bxc3 bxc3 39. Rxc3 Kf7 40. Rd3 Ke6 41. c4 Kf5 42. c5 Kxg5 43. c6 Kh4 44. c7 Kh3 45. c8Q+ Kxh2 46. f4 Kg2 47. Qc2+ Kf1 48. Rd1# 1-0

[Event "CAN-ch U08"]
[Site "Windsor"]
[Date "2010.07.06"]
[Round "1"]
[White "Talukdar, Rohan Shyam"]
[Black "Tolentino, Patrick Angelo"]
[Result "1-0"]
[WhiteElo "1178"]
[BlackElo "729"]
[PlyCount "117"]
[EventDate "2010.07.06"]
[EventType "swiss"]
[EventRounds "7"]
[EventCountry "CAN"]
[SourceTitle "EXT 2012"]
[Source "ChessBase"]
[SourceDate "2011.11.24"]
[SourceVersion "1"]
[SourceVersionDate "2011.11.24"]
[SourceQuality "1"]

1. d4 Nf6 2. Nf3 Nc6 3. e3 e6 4. Nc3 Bb4 5. Bd2 0-0 6. g3 b6 7. Bg2 Bb7 8. 0-0 Ne7 9. a3 Bd6 10. Nb5 Ba6 11. c4 Bxb5 12. cxb5 Ned5 13. e4 Nxe4 14. Re1 Nxd2 15. Qxd2 Ne7 16. Qd3 Ng6 17. h4 h6 18. Ne5 Rb8 19. Nxg6 fxg6 20. Qxg6 Qf6 21. Qxf6 Rxf6 22. Red1 Rf5 23. a4 Rbf8 24. Rf1 Bb4 25. b3 e5 26. dxe5 Rxe5 27. Rac1 c5 28. bxc6 dxc6 29. Bxc6 a5 30. Rcd1 Rc5 31. Bb5 Kh8 32. Bc4 g5 33. hxg5 hxg5 34. Rd5 Rf7 35. Rd8+ Kg7 36. Bxf7 Kxf7 37. Rd7+ Ke6 38. Rfd1 Ke5 39. R7d6 Rc7 40. Rxb6 Rc3 41. Rb5+ Kf6 42. Re1 Rxg3+ 43. fxg3 Bxe1 44. Kg2 Kg6 45. Kf3 Kh5 46. g4+ Kh4 47. Rb7 Kh3 48. Rh7+ Bh4 49. Ra7 Be1 50. Re7 Bh4 51. Re5 Kh2 52. Rxa5 Be1 53. Rb5 Bc3 54. a5 Kh3 55. a6 Bd4 56. Ra5 Ba7 57. Rd5 Bg1 58. Rd7 Bb6 59. Rh7# 1-0